Statistics for The Walking Dead "Last Words"

Click here to take the quiz!

General Stats

  • This quiz has been taken 27 times
  • The average score is 10 of 16

Answer Stats

HintAnswer% Correct
"I love you, Dad."Carl Grimes
95%
"For Alpha!"Beta
85%
"I'll find you."Glenn Rhee
85%
"Suck. My. Nuts."Abraham Ford
80%
"Kill them all!"The Governor
70%
"I get it now."Beth Greene
65%
"I ain't gonna beg. I ain't begging you!"Merle Dixon
65%
"Raise your gun!"Shane Walsh
65%
"I found them."Rick Grimes
60%
"Thank you."Nicholas
55%
"Don't let go."Noah
55%
"The group is broken."Dale Horvath
50%
"Good night, Love."Lori Grimes
50%
"I tried..."Andrea
30%
"Turn it off."Tyreese Williams
30%
"Good. Give them hell."Deanna Monroe
20%

Score Distribution

Percentile by Number Answered

Percent of People with Each Score

Your Score History

You have not taken this quiz